000 00673nam a2200217 a 4500
001 BRCA_2591
005 20190320203859.0
008 281108s1924----enka---###---#000-0#eng-#
050 4 _aNE2135
_b.R63 1924
100 1 _aRobins, William Palmer
_97402
245 1 0 _aEtching craft
_ba guide for students and collectors
_cby W. P. Robins.
260 _aLondon
_bB. T. Batsford
_c1924
300 _a243 p.
_bil.
_c26 cm.
500 _aIncluye índice analítico, monografías de artistas y catálogos.
500 _aA66
504 _aBibliografía : p. 223-238
650 1 4 _aGrabado al aguafuerte
_97403
650 1 4 _aAguafuertistas
_97404
902 _aGFM
942 _2lcc
_cB
999 _c2331
_d2331